Catálogo
 En Linea

The Spanish press, 1470-1966 : (Registro nro. 1354)

Detalles MARC
000 -CABECERA
campo de control de longitud fija 00647cam a22001931a 4500
001 - NÚMERO DE CONTROL
campo de control 000001439
005 - FECHA Y HORA DE LA ÚLTIMA TRANSACCIÓN
campo de control 20200929145559.0
008 - DATOS DE LONGITUD FIJA--INFORMACIÓN GENERAL
campo de control de longitud fija 740606s1968 ilu b 001 0 eng
040 ## - FUENTE DE LA CATALOGACIÓN
Centro catalogador/agencia de origen DO-SdBNP
Lengua de catalogación spa
Centro/agencia transcriptor BNPHU
082 ## - NÚMERO DE LA CLASIFICACIÓN DECIMAL DEWEY
Número de clasificación 076
Número de documento/Ítem S386s
100 1# - ENTRADA PRINCIPAL--NOMBRE DE PERSONA
Nombre de persona Schulte, Henry F.
9 (RLIN) 4782
245 14 - MENCIÓN DE TÍTULO
Título The Spanish press, 1470-1966 :
Resto del título print, power, and politics /
Mención de responsabilidad, etc. Henry F. Schulte.
260 ## - PUBLICACIÓN, DISTRIBUCIÓN, ETC.
Lugar de publicación, distribución, etc. Urbana :
Nombre del editor, distribuidor, etc. University of Illinois Press,
Fecha de publicación, distribución, etc. 1968.
300 ## - DESCRIPCIÓN FÍSICA
Extensión xi, 280 p. ;
Dimensiones 22 cm.
500 ## - NOTA GENERAL
Nota general Incluye índice: p. [259]-280.
504 ## - NOTA DE BIBLIOGRAFÍA, ETC.
Nota de bibliografía, etc. Bibliografía: p. [248]-257.
650 #4 - PUNTO DE ACCESO ADICIONAL DE MATERIA--TÉRMINO DE MATERIA
Término de materia o nombre geográfico como elemento de entrada Prensa
Subdivisión geográfica España
Subdivisión general Historia
9 (RLIN) 4783
650 #4 - PUNTO DE ACCESO ADICIONAL DE MATERIA--TÉRMINO DE MATERIA
Término de materia o nombre geográfico como elemento de entrada Política y prensa
Subdivisión geográfica España
9 (RLIN) 4784
Existencias
Estado de retiro Estado de pérdida Restricciones de uso No para préstamo Código de colección Localización permanente Ubicación/localización actual Ubicación en estantería Fecha de adquisición Fuente de adquisición Número de inventario Total de préstamos Signatura topográfica completa Código de barras Fecha visto por última vez Precio válido a partir de Tipo de ítem Koha
    Préstamo interno   Monografías: Libros y Folletos General General Depósito 23.07.2009 002344 LF1   076 S386s 1439-10 25.06.2020 25.06.2020 Préstamo interno

Con tecnología Koha